01259nam1a2200253 i 4500001001900000005001700019035002600036100004100062101000800103102000700111105001800118200040500136210004200541215000700583463001300590606012800603606010900731686001200840700003900852701004300891801002800934801002200962852002100984RU\NLR\bibl\13689120241103082047.0 a(NLR Aleph) 000134089 a20010223g19979999u y0rusy50 ca0 arus aRU ay |||||||||1 aОсновы социологииeУчеб. пособие для студентов оч. и заоч. форм обучения всех спец.fИ.С. Виноградов, Д.Б. ДумаревскийgМ-во трансп. рос. Федерации, Служба реч. флота РФ, Волж. гос. акад. вод. трансп. Каф. гуманит. и социал. наук aН.НовгородcВГАВТd1997 d20 0100153676 aСоциологияjРуководства, пособия и т.п. для высшей школы3RU\NLR\auth\663357 aСоциологияjУчебные издания для высшей школы3RU\NLR\auth\663357 aС5я73 1aВиноградовbИ. С.4070 1aДумаревскийbД. Б.4070 0aRUbNLRc20010223gPSBO 1aRUbNLRc20010223 aNLRj2000-4/9884